| 000 | 00695nam a22002177a 4500 | ||
|---|---|---|---|
| 999 |
_c15401 _d15401 |
||
| 003 | MIRAKIL | ||
| 005 | 20240214171519.0 | ||
| 008 | 240214b tu ||||| |||| 00| 0 tur d | ||
| 040 |
_aTR-AnCHP _cTR-AnCHP |
||
| 041 | _aTürkçe | ||
| 082 |
_a330.4 _bT96 1997 |
||
| 090 | _a330.4 T96 1997 | ||
| 111 |
_aTürkiye İktisat Kongresi _d1948 |
||
| 245 | 1 | 0 | _a1948 Türkiye İktisat Kongresi (22-27 Kasım) / |
| 260 |
_aAnkara : _bDevlet Planlama Teşkilatı, _c1997. |
||
| 300 |
_aix, 393 s. ; _c23 cm. |
||
| 650 | 0 |
_9396 _aEkonomi _xKongre _zTürkiye |
|
| 740 | _aKongre bülteni | ||
| 856 | _zDijital Nüshası için Partimizin Kütüphane Sorumlusu ile iletişime geçiniz. | ||
| 942 |
_2ddc _cBKS |
||